Safety in the sports arena (Record no. 15543)

MARC details
000 -LEADER
fixed length control field 00712cab a2200193 4500
001 - CONTROL NUMBER
control field ABS40349
008 - FIXED-LENGTH DATA ELEMENTS--GENERAL INFORMATION
fixed length control field 090401t1989 xxu||||| |||| 00| 0 eng d
035 ## - SYSTEM CONTROL NUMBER
System control number (Sirsi) u23229
041 ## - LANGUAGE CODE
Language code of text/sound track or separate title eng
100 ## - MAIN ENTRY--PERSONAL NAME
Personal name Brimacombe, M.
245 ## - TITLE STATEMENT
Title Safety in the sports arena
260 ## - PUBLICATION, DISTRIBUTION, ETC.
Date of publication, distribution, etc. 1989
350 ## - PRICE (NR) (BK AM CF MU VM SE) [OBSOLETE]
Price 0
490 ## - SERIES STATEMENT
Series statement Surveyor (PWW)
Volume/sequential designation 171(5032) 16 February 1989, 28-29(2)
520 ## - SUMMARY, ETC.
Summary, etc. Considers public safety at sports grounds , listing regulations with which sports club managers must comply to minimise risk to spectators and reviews a voluntary code of guidance issued by the government for use by local authorities .
690 ## - LOCAL SUBJECT ADDED ENTRY--TOPICAL TERM (OCLC, RLIN)
Topical term or geographic name as entry element BUILT ENVIRONMENT-BUILDING STANDARDS
942 ## - ADDED ENTRY ELEMENTS (KOHA)
Suppress in OPAC 0
948 ## - LOCAL PROCESSING INFORMATION (OCLC); SERIES PART DESIGNATOR (RLIN)
c (OCLC) 04/03/1997
Holdings
Withdrawn status Lost status Source of classification or shelving scheme Damaged status Not for loan Home library Current library Shelving location Date acquired Total Checkouts Full call number Barcode Date last seen Copy number Price effective from Koha item type
    Dewey Decimal Classification     London London Journal article 14/09/1999   ABS40349 23229-1001 06/08/2019 1 06/08/2019 Journal article